000 00417nam a2200181Ia 4500
003 LK-CoDNM
005 20240429112514.0
008 010623t1948 xxu||||| |||| 00| 1 sin d
040 _aLK-CoDNM
_dLK-CoDNM
_eLK-CoDNM
041 _asin
080 _aජ110
100 _aVidanapathirana,S
245 _aශිෂෙ ාදය
246 _aShishyoodaya
260 _c1948
300 _b22P.,20 cm
942 _cBK
999 _c101433
_d101433